000 00643nam a22002177a 4500
003 UA-OsUOA
001 136586
007 ta
008 20190401b un ||||| |||| 00| 0 ukr d
100 _aКорнєєва Ю.
090 _a330(477)
_bК67
942 _cSA
040 _aUA-OsUOA
_bukr
_cUA-OsUOA
_dUA-OsUOA
245 _aСучасний механізм фінансування критичної інфраструктури в Україні
300 _aС.7-18
955 _a0
041 _aukr
080 _a330(477)
773 0 _w136585
_tЕкономіст
_dК.
_d2019
_g2
650 7 _a330 Економіка взагалі
_2UDC
999 _c421424
_d421424